[Event "ch-Africa 2025"]
[Site "Kerdasa EGY"]
[Date "2025.05.20"]
[Round "9.16"]
[White "Naser Eldean, Ahmed"]
[Black "Amdouni, Zoubaier"]
[Result "1/2-1/2"]
[WhiteTitle "CM"]
[BlackTitle "FM"]
[WhiteElo "2006"]
[BlackElo "2226"]
[WhiteFideId "9205365"]
[BlackFideId "5500419"]
[EventDate "2025.05.13"]

1. e4 c5 2. Nf3 Nc6 3. d4 cxd4 4. Nxd4 e5 5. Nb5 d6 6. N1c3 a6 7. Na3 b5 8. Nd5
Nf6 9. Bg5 Be7 10. Bxf6 Bxf6 11. c4 b4 12. Nc2 Bg5 13. Be2 a5 14. O-O O-O 15. b3
Be6 16. a3 bxa3 17. Rxa3 Qd7 18. Nb6 Qb7 19. Nxa8 Rxa8 20. Qd3 Be7 21. Ra4 Bd7
22. Raa1 Rb8 23. Ne3 Bf8 24. Rab1 Nb4 25. Qd2 Nc6 26. Qd3 Nb4 27. Qd2 Nc6 28.
Qd3 Nb4 1/2-1/2

[Event "ch-Africa 2025"]
[Site "Kerdasa EGY"]
[Date "2025.05.20"]
[Round "9.17"]
[White "Cogan, Nicolas"]
[Black "Mena, Martin"]
[Result "0-1"]
[WhiteTitle "CM"]
[BlackTitle "FM"]
[WhiteElo "2099"]
[BlackElo "2044"]
[WhiteFideId "679356"]
[BlackFideId "10651225"]
[EventDate "2025.05.13"]

1. d4 d5 2. c4 e6 3. Nc3 Nf6 4. cxd5 exd5 5. Bg5 Be7 6. Qc2 Nbd7 7. e3 c6 8. Bd3
O-O 9. Nge2 Re8 10. O-O Nf8 11. f3 g6 12. Rad1 b6 13. Kh1 Bb7 14. e4 Ne6 15.
Bxf6 Bxf6 16. e5 Bg7 17. f4 f5 18. exf6 Qxf6 19. f5 gxf5 20. Bxf5 Qh6 21. Rd3
Ng5 22. Rg3 Bc8 23. Rf4 Rf8 24. Bxc8 Rxf4 25. Nxf4 Rxc8 26. Ncxd5 Rf8 27. Ne7+
Kh8 28. Rg4 Qd6 29. h4 Rxf4 30. Rxf4 Qxf4 31. hxg5 Qh4+ 32. Kg1 Qe1+ 33. Kh2
Qxe7 34. Qxc6 Bxd4 35. b3 Be5+ 36. Kh1 Qxg5 37. Qc8+ Kg7 38. Qd7+ Kh6 39. Qc6+
Qf6 40. Qc1+ Qf4 41. Qc6+ Bd6 42. Kg1 Qf6 43. Qc1+ Qg5 44. Qd1 Bc5+ 45. Kf1 Qe3 0-1

[Event "ch-Africa 2025"]
[Site "Kerdasa EGY"]
[Date "2025.05.20"]
[Round "9.19"]
[White "Oluka Robert Mcligeyo"]
[Black "Ebosse Kingue Victor Patrick"]
[Result "1-0"]
[WhiteTitle "CM"]
[BlackTitle "FM"]
[WhiteElo "2047"]
[BlackElo "2002"]
[WhiteFideId "10814647"]
[BlackFideId "16400291"]
[EventDate "2025.05.13"]

1. d4 Nf6 2. c4 g6 3. g3 c5 4. Nf3 Bg7 5. Bg2 O-O 6. d5 d6 7. O-O b5 8. cxb5 a6
9. b6 Nbd7 10. Nc3 Nxb6 11. a4 Rb8 12. Nd2 e6 13. e4 exd5 14. Nxd5 Nbxd5 15.
exd5 Rb4 16. Nf3 Bg4 17. h3 Bf5 18. Re1 Re8 19. Rxe8+ Qxe8 20. a5 Be4 21. Bf1
Qa8 22. Qe2 Bxd5 23. Nd2 Bb7 24. Qe7 Qf8 25. Qc7 d5 26. Nf3 Qc8 27. Qxc8+ Bxc8
28. Ne1 c4 29. Nc2 Rb7 30. Ra4 Bd7 31. Rb4 Bb5 32. b3 cxb3 33. Nd4 Ne4 34. Nxb5
axb5 35. a6 Rb8 36. a7 Ra8 37. Rxb5 b2 38. Rb8+ Bf8 39. Bh6 f6 40. Rxa8 1-0

[Event "ch-Africa 2025"]
[Site "Kerdasa EGY"]
[Date "2025.05.20"]
[Round "9.20"]
[White "Donkeng Hussel"]
[Black "Ahmed Moustafa, Fares"]
[Result "1-0"]
[WhiteElo "1910"]
[BlackElo "1968"]
[WhiteFideId "16401794"]
[BlackFideId "54221285"]
[EventDate "2025.05.13"]

1. d4 Nf6 2. Nf3 e6 3. g3 d5 4. Bg2 b5 5. a4 b4 6. c4 bxc3 7. Nxc3 a5 8. O-O c6
9. Qc2 Na6 10. e4 Nb4 11. Qb1 Ba6 12. Rd1 Be7 13. Ne5 Qb6 14. Be3 O-O 15. Rd2
Rfd8 16. Qd1 dxe4 17. Nxe4 Nbd5 18. Qf3 Rac8 19. Bg5 Qb4 20. Rad1 Qxa4 21. Nxf6+
Bxf6 22. Bxf6 Nxf6 23. Nxc6 Rd7 24. Rc1 Nd5 25. Rdc2 Kh8 26. Rc5 Rdc7 27. b3 Qa3
28. Qd1 f6 29. Bxd5 exd5 30. b4 a4 31. R5c3 Qxc3 32. Rxc3 Rxc6 33. Rc5 Rxc5 34.
dxc5 Bb5 35. Qxd5 a3 36. Qb7 Rd8 37. Qxb5 a2 38. Qa6 1-0

[Event "ch-Africa 2025"]
[Site "Kerdasa EGY"]
[Date "2025.05.20"]
[Round "9.21"]
[White "Kimani, Kimingi"]
[Black "Naipal, Hoolan"]
[Result "1-0"]
[BlackTitle "CM"]
[WhiteElo "1911"]
[BlackElo "1844"]
[WhiteFideId "10807012"]
[BlackFideId "9700382"]
[EventDate "2025.05.13"]

1. d4 Nf6 2. c4 e6 3. Nf3 Bb4+ 4. Bd2 a5 5. a3 Bxd2+ 6. Nbxd2 Qe7 7. e4 d6 8.
Bd3 e5 9. O-O Nbd7 10. d5 Nc5 11. Bc2 a4 12. Ne1 O-O 13. f3 Kh8 14. Nd3 Nfd7 15.
Nb4 Qg5 16. Qe2 h5 17. Na2 h4 18. Nc3 c6 19. Rf2 Nb6 20. Raf1 Ncd7 21. f4 exf4
22. Rxf4 Ne5 23. Qf2 Nbxc4 24. Nxc4 Nxc4 25. Rxh4+ Kg8 26. Rf4 Ne5 27. Nxa4 c5
28. Nb6 Ra6 29. Nxc8 Rxc8 30. Rf5 Qe7 31. Qg3 b5 32. Qh3 Qd7 33. Qh4 b4 34. Rh5
Ng6 35. Qg3 bxa3 36. bxa3 Re8 37. Rhf5 Ne5 38. Rg5 Ng6 39. h4 Re5 40. Rff5 Rxf5
41. exf5 Ne5 42. Rxg7+ Kf8 43. Rg8+ 1-0

[Event "ch-Africa 2025"]
[Site "Kerdasa EGY"]
[Date "2025.05.20"]
[Round "9.22"]
[White "Zebaze Dongmo Loic Dylane"]
[Black "Abugenda, Nagi"]
[Result "0-1"]
[WhiteTitle "CM"]
[BlackTitle "CM"]
[WhiteElo "1921"]
[BlackElo "1994"]
[WhiteFideId "16401107"]
[BlackFideId "9202544"]
[EventDate "2025.05.13"]

1. d4 Nf6 2. Nc3 d5 3. Bf4 c5 4. e4 e6 5. dxc5 Bxc5 6. exd5 exd5 7. Bb5+ Nc6 8.
Nge2 a6 9. Ba4 O-O 10. O-O h6 11. Qd2 Be6 12. Bb3 Qd7 13. Rad1 Rad8 14. Ng3 Rfe8
15. Nce2 Qe7 16. c3 Bg4 17. Rde1 Ne4 18. Nxe4 dxe4 19. Qc1 Ne5 20. Bxe5 Qxe5 21.
Ng3 e3 22. fxe3 Bxe3+ 23. Rxe3 Qxe3+ 24. Qxe3 Rxe3 25. Rxf7 Kh8 26. Kf2 Re5 27.
h3 Bc8 28. Rc7 b5 29. c4 bxc4 30. Bxc4 a5 31. Ne2 Rf8+ 32. Kg3 Be6 33. Bxe6 Rxe6
34. Nf4 Re3+ 35. Kg4 Re4 36. g3 g5 37. Kh5 gxf4 38. gxf4 Rexf4 39. Kxh6 Rh4+ 40.
Kg6 Rg8+ 41. Kf6 Rh6+ 42. Ke5 Rxh3 43. Ra7 Rg2 44. Rb7 Rhh2 45. b4 a4 46. b5
Rxa2 47. b6 Rab2 48. Rb8+ Kg7 49. b7 Rh5+ 50. Ke6 a3 51. Kd6 a2 52. Ra8 Rhb5 0-1

[Event "ch-Africa 2025"]
[Site "Kerdasa EGY"]
[Date "2025.05.20"]
[Round "9.23"]
[White "Ali Abdullahi, Farah"]
[Black "Metuno Kuete Bleriot Rocalixt"]
[Result "0-1"]
[WhiteTitle "CM"]
[WhiteElo "1933"]
[BlackElo "1887"]
[WhiteFideId "16100212"]
[BlackFideId "16401131"]
[EventDate "2025.05.13"]

1. d4 Nf6 2. c4 e6 3. Nc3 d5 4. Bg5 Be7 5. Bxf6 Bxf6 6. cxd5 exd5 7. e3 O-O 8.
Nf3 c5 9. Rc1 Qa5 10. Be2 Nc6 11. O-O cxd4 12. Nxd4 Nxd4 13. exd4 Bd7 14. Qb3
Bc6 15. Rcd1 Rfe8 16. Bf3 Rad8 17. g3 a6 18. a3 g6 19. h4 h5 20. Bg2 Re7 21. f4
Re3 22. Kh2 Qc7 23. Qc2 Qb6 24. Qd2 Rde8 25. Rf3 R3e7 26. f5 Kg7 27. Qf2 Rf8 28.
Rf4 Qd8 29. Bh3 Qd6 30. Rf1 Bd7 31. Qf3 b5 32. Rf2 Bc6 33. Bf1 Rb7 34. Bd3 a5
35. Bb1 b4 36. axb4 Rb6 37. b5 Rxb5 38. Qd3 Rb4 39. Kh3 Bd7 40. Qf3 Bxd4 41.
Qxd5 Qxd5 42. Nxd5 Rxb2 43. Rxb2 Bxb2 44. Kh2 Rb8 45. fxg6 fxg6 46. Bd3 Be5 47.
Re4 Rb2+ 48. Kg1 Bd6 49. Nf4 Bf5 50. Re2 Rxe2 51. Bxe2 Bxf4 52. gxf4 a4 53. Bc4
Kf6 54. Kf2 Be6 55. Ke3 0-1

[Event "ch-Africa 2025"]
[Site "Kerdasa EGY"]
[Date "2025.05.20"]
[Round "9.24"]
[White "Ndjolock Simon"]
[Black "Deme, Cheikh Sidy Mohamed"]
[Result "0-1"]
[WhiteElo "1928"]
[BlackElo "1998"]
[WhiteFideId "16402480"]
[BlackFideId "19900430"]
[EventDate "2025.05.13"]

1. d4 d5 2. Nf3 Nc6 3. c4 e5 4. cxd5 Qxd5 5. Nc3 Bb4 6. Bd2 Bxc3 7. Bxc3 e4 8.
Ne5 Nge7 9. e3 Nxe5 10. dxe5 Be6 11. Qa4+ Bd7 12. Qa3 Nc6 13. Rd1 Qe6 14. Qc5
O-O-O 15. Bb5 Kb8 16. O-O h5 17. Bd4 b6 18. Qc4 Nxd4 19. exd4 Bxb5 20. Qxb5 Rd5
21. Qe2 f5 22. f3 exf3 23. Qxf3 g6 24. Rfe1 Rhd8 25. Qb3 g5 26. Kf2 f4 27. Rd3
g4 28. g3 Rf8 29. Kg1 fxg3 30. hxg3 Qf5 31. Qd1 Qf2+ 32. Kh1 Rf3 33. Rxf3 gxf3
34. Rg1 Rxd4 35. Qf1 Rh4+ 0-1